The Indivisibility of Women's Human Rights: (Record no. 3149)
[ view plain ]
| 000 -LEADER | |
|---|---|
| fixed length control field | 005040000a22001570004500 |
| 005 - DATE AND TIME OF LATEST TRANSACTION | |
| control field | 20231109141715.0 |
| 008 - FIXED-LENGTH DATA ELEMENTS--GENERAL INFORMATION | |
| fixed length control field | 230817t1994 ||||| |||| 00| 0 eng d |
| 082 ## - DEWEY DECIMAL CLASSIFICATION NUMBER | |
| Classification number | 305.42 |
| Item number | WOM |
| 942 ## - ADDED ENTRY ELEMENTS (KOHA) | |
| Item Type | Reports |
| 110 ## - MAIN ENTRY--CORPORATE NAME | |
| Corporate Name | Women's Global Leadership Institute |
| 700 ## - ADDED ENTRY--PERSONAL NAME | |
| Personal name | Fried, Susana T. |
| Relator Term | editor |
| 245 ## - TITLE STATEMENT | |
| Title | The Indivisibility of Women's Human Rights: |
| Sub Title | A Continuing Dialogue |
| 260 ## - PUBLICATION, DISTRIBUTION, ETC. (IMPRINT) | |
| Place of Publication | New Jersy: |
| Name of Publisher | Center for women's global leadership, |
| Date of Copyright | 1994 |
| 300 ## - PHYSICAL DESCRIPTION | |
| Extent | vi, 116 p. : ill. ; 26 cm. |
| 650 ## - SUBJECT ADDED ENTRY--TOPICAL TERM | |
| Topical Term | WOMEN'S RIGHTS |
| Withdrawn status | Lost status | Source of classification or shelving scheme | Damaged status | Not for loan | Permanent location | Current location | Date acquired | Total Checkouts | Full call number | Barcode | Date last seen | Price effective from | Koha item type |
|---|---|---|---|---|---|---|---|---|---|---|---|---|---|
| Dewey Decimal Classification | Resource center, Muslim Women's Research And Action Forum | Resource center, Muslim Women's Research And Action Forum | 2023-08-17 | 305.42 WOM | RAF612 | 2023-08-17 | 2023-08-17 | Reports |

